|
|
|
|
| LEADER |
00627nab a2200193 i 4500 |
| 001 |
acta11159 |
| 005 |
20210707145746.0 |
| 008 |
161015s1981 hu o 0|| hun d |
| 022 |
|
|
|a 1216-8033
|
| 040 |
|
|
|a SZTE Egyetemi Kiadványok Repozitórium
|b hun
|
| 041 |
|
|
|a hun
|
| 100 |
1 |
|
|a Hévizi Ottó
|
| 245 |
1 |
0 |
|a Beszélgetés Csatári Dániellel
|h [elektronikus dokumentum] :
|b részlet /
|c Hévizi Ottó
|
| 260 |
|
|
|c 1981
|
| 300 |
|
|
|a 7-9
|
| 490 |
0 |
|
|a Gondolat-jel
|
| 695 |
|
|
|a Történelemtudomány
|
| 700 |
0 |
1 |
|a Csatári Dániel
|e aut
|
| 856 |
4 |
0 |
|u http://acta.bibl.u-szeged.hu/11159/1/gondolatjel_1981_5_007-009.pdf
|z Dokumentum-elérés
|